01059nam a2200205 a 4500008004100000050001600041100002000057245001800077246006200095260005600157350000900213650002000222650001400242650002200256995014700278995014700425999001700572952013200589952013200721120416s1995 ||||||||||||||||| || u aHD 87.5 Mar aMartin, Matthew10aForging links aeconomic research and policy making in sub-Saharan Africa aNairobibAfrican Economic Research Consortiumc1995 a0.00 0aECONOMIC POLICY 0aECONOMICS aECONOMIC RESEARCH aMAIN LIBRARY OPEN ACCESSD0.00e727717FCBU-MAIN LIBRARY (Kitwe)H1I6.95jHD 87.5 MarM1UWEEDEDy025732ZMain Library Open Access Collection aMAIN LIBRARY OPEN ACCESSD0.00e727711FCBU-MAIN LIBRARY (Kitwe)H2I6.95jHD 87.5 MarM2UWEEDEDy025736ZMain Library Open Access Collection c63247d63247 00102lcc4070a001b001cMain Library Open Access Collectiond2022-12-24l0oHD 87.5 Marp025732r2022-12-24w2022-12-24y002 00102lcc4070a001b001cMain Library Open Access Collectiond2022-12-24l0oHD 87.5 Marp025736r2022-12-24w2022-12-24y002